[Event "NED-ch 1996 sf"]
[Site "Enschede"]
[Date "1995.??.??"]
[Round "3"]
[White "Van Doeland, Julius"]
[Black "Lemmers, Oscar"]
[Result "1/2-1/2"]
[WhiteElo "2290"]
[BlackElo "2355"]
[PlyCount "85"]
[EventDate "1995.??.??"]

1. Nf3 Nf6 2. c4 e6 3. g3 b6 4. Bg2 Bb7 5. O-O c5 6. Nc3 Be7 7. Re1 a6 8. e4 d6
9. b3 Nbd7 10. Bb2 O-O 11. d4 cxd4 12. Nxd4 Qc7 13. Rc1 Rac8 14. h3 Qb8 15. Qe2
Bd8 16. Nc2 Re8 17. Nb4 h5 18. f4 Nf8 19. Nd3 e5 20. f5 b5 21. cxb5 axb5 22.
Nb4 Bb6+ 23. Kh2 N8d7 24. Ncd5 Nxd5 25. Nxd5 Bxd5 26. exd5 Nf6 27. Rxc8 Rxc8
28. Rc1 Rxc1 29. Bxc1 Qc8 30. Bg5 Qxf5 31. Bxf6 Qxf6 32. Qxb5 Qf2 33. h4 Bd4
34. a4 e4 35. Qe8+ Kh7 36. Qxe4+ g6 37. Qf3 Qxf3 38. Bxf3 Bc3 39. g4 hxg4 40.
Bxg4 f5 41. Be2 Kh6 42. Kh3 Be1 43. Bf3 1/2-1/2

[Event "NED-ch 1996 sf"]
[Site "Enschede"]
[Date "1995.??.??"]
[Round "3"]
[White "Van de Oudeweetering, Arthur"]
[Black "Hendriks, Willy"]
[Result "1/2-1/2"]
[WhiteElo "2350"]
[BlackElo "2395"]
[PlyCount "44"]
[EventDate "1995.??.??"]

1. e4 g6 2. d4 d6 3. Nc3 c6 4. f4 Bg7 5. Nf3 Bg4 6. Be3 Qb6 7. Qd2 Bxf3 8. gxf3
Nd7 9. Bh3 e6 10. O-O Qa5 11. Kh1 Ne7 12. f5 exf5 13. Bg5 Nf6 14. Rad1 Kf8 15.
Qf4 h6 16. Bxf6 Bxf6 17. exf5 Nxf5 18. Bxf5 Qxf5 19. Qxd6+ Kg7 20. Ne4 Rad8 21.
Qxf6+ Qxf6 22. Nxf6 Kxf6 1/2-1/2

[Event "NED-ch 1996 sf"]
[Site "Enschede"]
[Date "1995.??.??"]
[Round "3"]
[White "Wuts, Frank"]
[Black "Hartoch, Rob"]
[Result "1/2-1/2"]
[WhiteElo "2335"]
[BlackElo "2340"]
[PlyCount "82"]
[EventDate "1995.??.??"]

1. e4 g6 2. d4 Bg7 3. c3 Nf6 4. Bd3 d6 5. Bf4 e5 6. dxe5 Nh5 7. Be3 dxe5 8. Ne2
O-O 9. O-O Be6 10. Qc2 Nd7 11. Nd2 Qe7 12. Bc4 Rfd8 13. Bxe6 Qxe6 14. Nb3 Bf8
15. Kh1 a5 16. a4 Qc4 17. Rfd1 b6 18. Ng1 Nhf6 19. f3 Qc6 20. Nh3 Nc5 21. Nxc5
Bxc5 22. Bh6 Bf8 23. Bxf8 Kxf8 24. Qb3 h6 25. Nf2 Nd7 26. Nd3 f6 27. Qa3+ Nc5
28. h3 Ke8 29. Nxc5 Qxc5 30. Qxc5 bxc5 31. Kg1 Rab8 32. Rxd8+ Rxd8 33. Rf1 c4
34. g3 Ke7 35. Rf2 c6 36. Kg2 Ke6 37. g4 Rd1 38. Rf1 Rd2+ 39. Rf2 Rd1 40. Rf1
Rd2+ 41. Rf2 Rd1 1/2-1/2

[Event "NED-ch 1996 sf"]
[Site "Enschede"]
[Date "1995.??.??"]
[Round "4"]
[White "Borst, Johan"]
[Black "Kroeze, Frank"]
[Result "1/2-1/2"]
[WhiteElo "2320"]
[BlackElo "2395"]
[PlyCount "52"]
[EventDate "1995.??.??"]

1. d4 d5 2. Nc3 Nf6 3. Bg5 c5 4. Bxf6 gxf6 5. e4 dxe4 6. dxc5 Qa5 7. Qh5 Bg7 8.
Bb5+ Nc6 9. O-O-O O-O 10. Nge2 Rb8 11. f4 f5 12. g4 Nb4 13. a3 Na2+ 14. Nxa2
Qxb5 15. Nac3 Qxc5 16. Kb1 b5 17. Rd5 Qe3 18. gxf5 b4 19. Rg1 bxc3 20. Rxg7+
Kxg7 21. Qg5+ Kh8 22. f6 Rxb2+ 23. Ka1 Rb1+ 24. Ka2 Rb2+ 25. Ka1 Rb1+ 26. Ka2
Rb2+ 1/2-1/2

[Event "NED-ch 1996 sf"]
[Site "Enschede"]
[Date "1995.??.??"]
[Round "4"]
[White "Hartoch, Rob"]
[Black "Zagema, Wieb"]
[Result "1/2-1/2"]
[WhiteElo "2340"]
[BlackElo "2395"]
[PlyCount "116"]
[EventDate "1995.??.??"]

1. Nf3 c5 2. g3 Nc6 3. c4 e5 4. Nc3 g6 5. Bg2 Bg7 6. O-O Nge7 7. a3 O-O 8. Ne1
d6 9. Nc2 f5 10. b4 Rb8 11. Rb1 Be6 12. Nd5 g5 13. d3 Ng6 14. b5 Nd4 15. Nxd4
exd4 16. f4 gxf4 17. Nxf4 Nxf4 18. Bxf4 Qd7 19. Qd2 Rbe8 20. Rf2 d5 21. cxd5
Bxd5 22. Qc2 Bxg2 23. Kxg2 Qd5+ 24. Kg1 Rf7 25. Rc1 b6 26. Qc4 Qd7 27. Rcf1 Kh8
28. Bg5 h6 29. Bc1 Rfe7 30. Rxf5 Rxe2 31. Qf7 Qxf7 32. Rxf7 Rc2 33. Bf4 Rc3 34.
Rxa7 Rxd3 35. a4 Rb3 36. Rc7 d3 37. Kg2 Re2+ 38. Kh3 d2 39. Rd1 Bc3 40. Bxh6
Ra3 41. Rf1 Re8 42. Rd7 Ra2 43. Rd1 Re2 44. a5 Bxa5 45. Rf1 Rxh2+ 46. Kg4 Rf2
47. Rxf2 d1=Q+ 48. Rxd1 Rxf2 49. Kh5 Re2 50. g4 c4 51. g5 Bd2 52. Ra1 Re8 53.
Ra7 c3 54. Rc7 Kg8 55. Rg7+ Kh8 56. Rc7 Kg8 57. Rg7+ Kh8 58. Rc7 Kg8 1/2-1/2

[Event "NED-ch 1996 sf"]
[Site "Enschede"]
[Date "1995.??.??"]
[Round "4"]
[White "Hendriks, Willy"]
[Black "Hommeles, Theo"]
[Result "1-0"]
[WhiteElo "2395"]
[BlackElo "2275"]
[PlyCount "45"]
[EventDate "1995.??.??"]

1. e4 Nc6 2. d4 e5 3. d5 Nce7 4. Be3 f5 5. f3 Nf6 6. Bd3 fxe4 7. Bxe4 c6 8. c4
Qa5+ 9. Nc3 Qb4 10. Qb3 a5 11. Nge2 cxd5 12. cxd5 Nxe4 13. fxe4 Qxb3 14. axb3
Ng6 15. O-O Nf4 16. Nxf4 exf4 17. Bd4 Bb4 18. Rxf4 Rf8 19. Raf1 Rxf4 20. Rxf4
Ra6 21. Nb5 Rg6 22. e5 d6 23. e6 1-0

[Event "NED-ch 1996 sf"]
[Site "Enschede"]
[Date "1995.??.??"]
[Round "4"]
[White "Knoppert, Erik"]
[Black "Van de Oudeweetering, Arthur"]
[Result "1-0"]
[WhiteElo "2400"]
[BlackElo "2350"]
[PlyCount "125"]
[EventDate "1995.??.??"]

1. d4 d5 2. Nf3 Nf6 3. g3 c6 4. Bg2 Bg4 5. Ne5 Bf5 6. O-O e6 7. c3 Nbd7 8. f4
Be4 9. Nd2 Bxg2 10. Kxg2 Be7 11. h3 O-O 12. g4 Ne8 13. Qc2 Nd6 14. b3 Rc8 15.
Qd3 c5 16. Ba3 b6 17. Rad1 Nf6 18. Bb2 Nfe4 19. dxc5 Nxc5 20. Qe3 Bf6 21. c4
dxc4 22. Ndxc4 Nxc4 23. Nxc4 Qe7 24. Ba3 Rfd8 25. Qf3 Qc7 26. g5 Be7 27. Bb2
Qc6 28. Rxd8+ Bxd8 29. Rd1 Be7 30. Ne5 Qxf3+ 31. Kxf3 f6 32. gxf6 gxf6 33. Ng4
Kf7 34. Rg1 Nd7 35. Nh6+ Ke8 36. Rg8+ Nf8 37. Rg7 Rc2 38. Ng8 Rxb2 39. Rxe7+
Kd8 40. Rf7 Ke8 41. Rxa7 Nd7 42. Ra8+ Kf7 43. Nh6+ Ke7 44. Ng4 e5 45. Ra7 e4+
46. Ke3 Ke6 47. f5+ Kd6 48. Nf2 Nc5 49. Rxh7 Ke5 50. Rh5 Rxa2 51. Ng4+ Kd6 52.
Nxf6 Rb2 53. Nxe4+ Nxe4 54. Kxe4 Rxe2+ 55. Kd4 Rd2+ 56. Kc4 Kc6 57. Rh6+ Kb7
58. b4 Ka6 59. f6 Rd7 60. Rh5 b5+ 61. Kc5 Rf7 62. Rf5 Rh7 63. Kd6 1-0

[Event "NED-ch 1996 sf"]
[Site "Enschede"]
[Date "1995.??.??"]
[Round "4"]
[White "Langeweg, Kick"]
[Black "Bosboom, Manuel"]
[Result "1-0"]
[WhiteElo "2375"]
[BlackElo "2450"]
[PlyCount "91"]
[EventDate "1995.??.??"]

1. d4 Nf6 2. Nf3 g6 3. c3 Bg7 4. Bf4 d6 5. e3 O-O 6. h3 c5 7. dxc5 dxc5 8. Qxd8
Rxd8 9. Bc7 Rd7 10. Bh2 Rd8 11. Nbd2 Be6 12. a4 h6 13. Bc4 Bxc4 14. Nxc4 Nc6
15. Nfd2 Rd7 16. Ke2 Rad8 17. Rhd1 Kf8 18. a5 Ke8 19. e4 e6 20. f3 Bf8 21. g4
Be7 22. Bg3 Kf8 23. Bf4 h5 24. Be3 Rc8 25. Rg1 e5 26. Nb3 Rdd8 27. Nxc5 Bxc5
28. Bxc5+ Kg7 29. Bf2 hxg4 30. hxg4 Nh7 31. Ne3 Nf8 32. Bh4 f6 33. g5 fxg5 34.
Bxg5 Rd6 35. Nd5 Ne6 36. Be3 Rh8 37. Rg2 Kf7 38. b4 a6 39. Rag1 Ng7 40. Bc5 Re6
41. Nc7 Rf6 42. Rd1 Rc8 43. Rd7+ Kg8 44. Nd5 Re6 45. Rxb7 Nxa5 46. Re7 1-0

[Event "NED-ch 1996 sf"]
[Site "Enschede"]
[Date "1995.??.??"]
[Round "4"]
[White "Lemmers, Oscar"]
[Black "Klip, Hans"]
[Result "1-0"]
[WhiteElo "2355"]
[BlackElo "2340"]
[PlyCount "83"]
[EventDate "1995.??.??"]

1. e4 e5 2. Nc3 Nc6 3. f4 Bc5 4. Nf3 d6 5. Bc4 Nf6 6. d3 Na5 7. Bb3 a6 8. Qe2
Nxb3 9. axb3 Qe7 10. f5 Bd7 11. Be3 Bxe3 12. Qxe3 O-O-O 13. O-O g6 14. fxg6
hxg6 15. b4 Bc6 16. b5 axb5 17. Qg5 b4 18. Ne2 Kb8 19. Nd2 Nd5 20. Qxe7 Nxe7
21. Rxf7 Rhe8 22. Rg7 d5 23. Ng3 dxe4 24. Ngxe4 Bxe4 25. Nxe4 Nf5 26. Rxg6 b3
27. cxb3 Rxd3 28. Nc5 Rd2 29. Rf1 Nd4 30. h4 e4 31. Nd7+ Kc8 32. Nf6 Ne2+ 33.
Kh2 Rh8 34. Kh3 e3 35. g3 Nd4 36. Ra1 Nc6 37. Ne4 Rxb2 38. Nc5 Nb8 39. Rc1 Re8
40. Rc3 Nc6 41. Re6 Rg8 42. Rcxe3 1-0

[Event "NED-ch 1996 sf"]
[Site "Enschede"]
[Date "1995.??.??"]
[Round "4"]
[White "Van Mil, Johan"]
[Black "Van Doeland, Julius"]
[Result "1/2-1/2"]
[WhiteElo "2435"]
[BlackElo "2290"]
[PlyCount "133"]
[EventDate "1995.??.??"]

1. d4 Nf6 2. Nc3 d5 3. Bg5 e6 4. e4 dxe4 5. Nxe4 Nbd7 6. Nxf6+ Nxf6 7. Nf3 Be7
8. Bc4 c5 9. Qe2 cxd4 10. O-O-O Qc7 11. Rxd4 Bc5 12. Bb5+ Ke7 13. Rc4 Qb6 14.
Ba4 Rd8 15. Ne5 Bd6 16. Ng4 Qa5 17. h4 Rb8 18. Bb3 Bd7 19. Qf3 Qf5 20. Qxf5
exf5 21. Nxf6 gxf6 22. Bf4 Be6 23. Bxd6+ Rxd6 24. Rc7+ Rd7 25. Rxd7+ Kxd7 26.
Rd1+ Ke7 27. Rd4 Rg8 28. g3 b6 29. Kd2 Rc8 30. c3 a5 31. Ke3 h6 32. Bd5 Rc5 33.
Bb3 Re5+ 34. Kd2 Rc5 35. Ke3 Re5+ 36. Kd2 Rc5 37. Rf4 Rb5 38. c4 Rc5 39. Kd3
Re5 40. Kd2 Rc5 41. a4 Re5 42. Rd4 Rc5 43. Ba2 Rc8 44. Kc3 Rc5 45. Bb1 Bd7 46.
b3 Be6 47. Bd3 Re5 48. Bf1 Re1 49. Bd3 Re5 50. Kd2 Rc5 51. Ke3 Re5+ 52. Kf4 Rc5
53. Bb1 Re5 54. Rd2 Rc5 55. Rd4 Re5 56. Bd3 Rc5 57. Ke3 Re5+ 58. Kd2 Rc5 59.
Kc2 Re5 60. Kc3 Rc5 61. b4 Re5 62. f4 Re3 63. bxa5 bxa5 64. c5 Rxg3 65. c6 Rg8
66. Ba6 Rg3+ 67. Bd3 1/2-1/2

[Event "NED-ch 1996 sf"]
[Site "Enschede"]
[Date "1995.??.??"]
[Round "4"]
[White "Van der Weide, Karel"]
[Black "Ellenbroek, Ton"]
[Result "1-0"]
[WhiteElo "2325"]
[BlackElo "2120"]
[PlyCount "79"]
[EventDate "1995.??.??"]

1. Nf3 Nc6 2. e4 e5 3. Nc3 Nf6 4. d4 exd4 5. Nd5 Be7 6. Bf4 d6 7. Nxd4 O-O 8.
Nb5 Nxd5 9. exd5 a6 10. Nc3 Ne5 11. Be2 Bg5 12. Bg3 Ng6 13. O-O Bf4 14. Qd4 Qg5
15. Rae1 Bf5 16. h4 Qh6 17. h5 Be5 18. Bxe5 Nxe5 19. f4 Ng4 20. Bxg4 Bxg4 21.
f5 Bxh5 22. Re3 f6 23. Rh3 Qg5 24. Ne4 Qg4 25. Rg3 Qe2 26. Nxf6+ Rxf6 27. Qxf6
Qe3+ 28. Rxe3 gxf6 29. Re7 Rc8 30. Rf4 Bf7 31. Rc4 c5 32. Rxb7 Bxd5 33. Rg4+
Kh8 34. Rd7 Bxa2 35. Rxd6 Bb1 36. Rc4 Ba2 37. b3 a5 38. Ra6 Rd8 39. Rxa5 Bb1
40. Raxc5 1-0

[Event "NED-ch 1996 sf"]
[Site "Enschede"]
[Date "1995.??.??"]
[Round "5"]
[White "Ellenbroek, Ton"]
[Black "Hartoch, Rob"]
[Result "0-1"]
[WhiteElo "2120"]
[BlackElo "2340"]
[PlyCount "118"]
[EventDate "1995.??.??"]

1. d4 g6 2. c4 Bg7 3. Nc3 d6 4. e4 e5 5. Be3 exd4 6. Bxd4 Nf6 7. f3 O-O 8. Qd2
Nc6 9. Be3 Be6 10. Bd3 Ne5 11. b3 c6 12. Rd1 d5 13. cxd5 cxd5 14. Nge2 Nxd3+
15. Qxd3 dxe4 16. Qxd8 Rfxd8 17. Nxe4 Rxd1+ 18. Kxd1 Nxe4 19. fxe4 a5 20. Kc2
a4 21. Nd4 axb3+ 22. axb3 Ra2+ 23. Kd3 Rxg2 24. Nxe6 fxe6 25. Bd4 h5 26. Bxg7
Kxg7 27. Kd4 Kf6 28. h4 g5 29. Rf1+ Ke7 30. hxg5 Rxg5 31. b4 h4 32. Rh1 Rh5 33.
Ke3 h3 34. Rh2 Kd6 35. Kf4 Rh4+ 36. Kf3 Ke5 37. b5 b6 38. Kg3 Rxe4 39. Kxh3 Rb4
40. Kg3 Kd5 41. Rd2+ Kc5 42. Kf3 Rxb5 43. Ke4 Rb1 44. Rc2+ Kb4 45. Rc6 b5 46.
Kd3 Re1 47. Kc2 Re2+ 48. Kd3 Re5 49. Rb6 Kb3 50. Kd4 Rd5+ 51. Ke4 b4 52. Rxe6
Rd1 53. Rb6 Kc3 54. Rc6+ Kb2 55. Ke3 b3 56. Ke2 Rd8 57. Rb6 Kc2 58. Rc6+ Kb1
59. Rb6 b2 0-1

[Event "NED-ch 1996 sf"]
[Site "Enschede"]
[Date "1995.??.??"]
[Round "5"]
[White "Hommeles, Theo"]
[Black "Van der Poel, Henk"]
[Result "1-0"]
[WhiteElo "2275"]
[BlackElo "2355"]
[PlyCount "79"]
[EventDate "1995.??.??"]

1. e4 c5 2. Nf3 d6 3. d4 cxd4 4. Nxd4 Nf6 5. Nc3 Nc6 6. Bg5 e6 7. Qd2 Be7 8.
O-O-O O-O 9. Nb3 a6 10. Bxf6 gxf6 11. Qh6 Kh8 12. Qh5 Qe8 13. f4 Rg8 14. g4 b5
15. Bd3 Rg7 16. h4 b4 17. Ne2 a5 18. g5 a4 19. Nbd4 Nxd4 20. Nxd4 b3 21. axb3
axb3 22. Nxb3 fxg5 23. hxg5 e5 24. Rd2 Be6 25. Rdh2 Qc6 26. Kb1 Qa4 27. Qe2
Qa2+ 28. Kc1 Bxb3 29. cxb3 Rc8+ 30. Bc4 d5 31. Qg4 Rc7 32. Qf5 Kg8 33. Qxe5 Qa7
34. exd5 Bf8 35. Qe4 Re7 36. Rxh7 f5 37. d6+ Rgf7 38. Rh8+ Kg7 39. R1h7+ Kg6
40. Bxf7+ 1-0

[Event "NED-ch 1996 sf"]
[Site "Enschede"]
[Date "1995.??.??"]
[Round "5"]
[White "Langeweg, Kick"]
[Black "Hoeksema, Erik"]
[Result "1/2-1/2"]
[WhiteElo "2375"]
[BlackElo "2410"]
[PlyCount "46"]
[EventDate "1995.??.??"]

1. d4 f5 2. Nc3 d5 3. Bf4 Nf6 4. Nf3 e6 5. a3 Be7 6. e3 O-O 7. h3 c5 8. dxc5
Bxc5 9. Be2 Nc6 10. O-O a6 11. b4 Ba7 12. b5 Na5 13. a4 Bc5 14. Rb1 Qe7 15. Be5
Bd7 16. Bd3 Rfc8 17. Ne2 axb5 18. axb5 Bd6 19. Ra1 Be8 20. Bxd6 Qxd6 21. Qd2 b6
22. Nfd4 Bd7 23. f4 Qc7 1/2-1/2

[Event "NED-ch 1996 sf"]
[Site "Enschede"]
[Date "1995.??.??"]
[Round "5"]
[White "Riemersma, Liafbern"]
[Black "Hendriks, Willy"]
[Result "0-1"]
[WhiteElo "2415"]
[BlackElo "2395"]
[PlyCount "98"]
[EventDate "1995.??.??"]

1. e4 c5 2. c3 d6 3. d4 Nf6 4. Bd3 g6 5. Nf3 Bg7 6. O-O O-O 7. h3 Nbd7 8. Re1
e5 9. dxe5 dxe5 10. Nbd2 Qc7 11. Nc4 b5 12. Ne3 c4 13. Bf1 Bb7 14. a4 a6 15.
Nd5 Nxd5 16. exd5 Qd6 17. b3 Rfc8 18. axb5 axb5 19. Rxa8 Bxa8 20. bxc4 bxc4 21.
Qa4 Qxd5 22. Be3 Qc6 23. Qxc6 Bxc6 24. Ra1 Rc7 25. Nd2 Bd5 26. Ra5 Be6 27. Ra8+
Nf8 28. Ra4 f5 29. Nxc4 Bf6 30. Bd2 Rd7 31. Bh6 e4 32. Ra8 Rd8 33. Ra6 Bg7 34.
Bxg7 Kxg7 35. g3 Rc8 36. Ra4 Nd7 37. Ra7 Kf6 38. Ne3 Rxc3 39. Rxd7 Rxe3 40.
Rxh7 Re1 41. Kg2 Bd5 42. Rd7 Ke6 43. Rd8 e3+ 44. f3 Ke5 45. Re8+ Kd4 46. g4
Bxf3+ 47. Kxf3 Rxf1+ 48. Ke2 Rf2+ 49. Ke1 f4 0-1

[Event "NED-ch 1996 sf"]
[Site "Enschede"]
[Date "1995.??.??"]
[Round "5"]
[White "Van de Oudeweetering, Arthur"]
[Black "Van der Weide, Karel"]
[Result "1/2-1/2"]
[WhiteElo "2350"]
[BlackElo "2325"]
[PlyCount "28"]
[EventDate "1995.??.??"]

1. e4 c5 2. c3 e6 3. d4 d5 4. exd5 exd5 5. Be3 c4 6. b3 cxb3 7. axb3 Bd6 8. Bd3
Ne7 9. Qf3 Nbc6 10. Ne2 O-O 11. O-O Ng6 12. Nf4 Bxf4 13. Bxf4 Qf6 14. Bg3 Qxf3
1/2-1/2

[Event "NED-ch 1996 sf"]
[Site "Enschede"]
[Date "1995.??.??"]
[Round "5"]
[White "Zagema, Wieb"]
[Black "Van Mil, Johan"]
[Result "0-1"]
[WhiteElo "2395"]
[BlackElo "2435"]
[PlyCount "94"]
[EventDate "1995.??.??"]

1. e4 c5 2. Nf3 e6 3. d3 d5 4. Nbd2 Nc6 5. g3 g6 6. Bg2 Bg7 7. O-O Nge7 8. Re1
b6 9. c3 a5 10. a4 Ra7 11. Qe2 Ba6 12. e5 Qb8 13. h4 h6 14. Nf1 b5 15. Be3 d4
16. cxd4 Rd7 17. dxc5 bxa4 18. Qc2 Bxd3 19. Qxa4 Qxb2 20. Nd4 Nxd4 21. c6 Ndxc6
22. Bxc6 Nxc6 23. Qxc6 Qb7 24. Qc5 Rd5 25. Qa3 Bxe5 26. Rad1 Bb2 27. Qa2 Bg7
28. Qa3 Bb2 29. Qa2 Bf6 30. Qa3 Qb4 31. Rxd3 Rxd3 32. Qxd3 Qxe1 33. Bc5 Be7 34.
Qb5+ Kf8 35. Bd4 e5 36. Bxe5 f6 37. Bd4 Kf7 38. Qd5+ Kg7 39. h5 Rd8 40. Qc4 Qb4
41. Qe6 Rxd4 42. hxg6 Kxg6 43. Ne3 Rd8 44. Qf5+ Kg7 45. Qe6 Kf8 46. Nf5 Qc5 47.
Qe4 Rd1+ 0-1

[Event "NED-ch 1996 sf"]
[Site "Enschede"]
[Date "1995.??.??"]
[Round "6"]
[White "Borst, Johan"]
[Black "Wuts, Frank"]
[Result "0-1"]
[WhiteElo "2320"]
[BlackElo "2335"]
[PlyCount "130"]
[EventDate "1995.??.??"]

1. d4 e6 2. e4 b6 3. Nf3 Bb7 4. Bd3 c5 5. O-O cxd4 6. Nxd4 Bc5 7. Be3 a6 8. Nc3
Nf6 9. e5 Nd5 10. Nxd5 Bxd5 11. Qg4 Kf8 12. Be4 Bxe4 13. Qxe4 Ra7 14. Rad1 h6
15. f4 g6 16. Rf3 Qe7 17. Kh1 Rc7 18. Qa8 Qe8 19. c3 Kg7 20. Rg3 Kh7 21. Qe4
Bxd4 22. Qxd4 Rb7 23. f5 exf5 24. Bxh6 Nc6 25. Qh4 Kg8 26. Rh3 Nxe5 27. Qf6 Rh7
28. Re3 Rxh6 29. Rxe5 Qf8 30. Re7 g5 31. Qxg5+ Rg6 32. Qe3 Re6 33. Rxe6 fxe6
34. Rd3 Kf7 35. Qf3 Qa8 36. Qh5+ Kf6 37. Qh6+ Kf7 38. Qh7+ Kf6 39. Rg3 Ke5 40.
Qg7+ Kd6 41. Rd3+ Kc6 42. Qe5 Qf8 43. Rd4 Qc5 44. Qh8 Kc7 45. b4 Qb5 46. h4 Rb8
47. Qg7 Re8 48. c4 Qc6 49. Qe5+ d6 50. Qg7+ Qd7 51. Qg3 e5 52. Rd5 f4 53. Qf2
Qc6 54. Rd2 Rf8 55. b5 axb5 56. cxb5 Qxb5 57. Rb2 Qa5 58. Qc2+ Kd8 59. Qe4 Rh8
60. Rc2 Rxh4+ 61. Kg1 Rh6 62. Kf2 Rh1 63. a4 Ra1 64. Rc6 Qd2+ 65. Kf3 Qd1+ 0-1

[Event "NED-ch 1996 sf"]
[Site "Enschede"]
[Date "1995.??.??"]
[Round "6"]
[White "Bosboom, Manuel"]
[Black "Van Doeland, Julius"]
[Result "1-0"]
[WhiteElo "2450"]
[BlackElo "2290"]
[PlyCount "43"]
[EventDate "1995.??.??"]

1. c4 e5 2. Nc3 Nf6 3. Nf3 Nc6 4. e3 d5 5. cxd5 Nxd5 6. Qc2 Be6 7. a3 Bd6 8. b4
O-O 9. Bb2 a6 10. h4 h6 11. Ne4 Re8 12. Rc1 Qd7 13. Bc4 Bxb4 14. axb4 Ndxb4 15.
Qb3 Bxc4 16. Rxc4 Qd3 17. Rxb4 Nxb4 18. Qxb4 Qb1+ 19. Ke2 Qxh1 20. Nxe5 Qxg2
21. Qxb7 Kh8 22. Nxf7+ 1-0

[Event "NED-ch 1996 sf"]
[Site "Enschede"]
[Date "1995.??.??"]
[Round "6"]
[White "Delemarre, Jop"]
[Black "Van der Poel, Henk"]
[Result "1-0"]
[WhiteElo "2320"]
[BlackElo "2355"]
[PlyCount "49"]
[EventDate "1995.??.??"]

1. d4 d5 2. Nf3 Nf6 3. c4 c6 4. Nc3 e6 5. Bg5 dxc4 6. e4 b5 7. e5 h6 8. Bh4 g5
9. exf6 gxh4 10. Ne5 Qxf6 11. a4 c5 12. Ng4 Qe7 13. dxc5 Bg7 14. axb5 Nd7 15.
Qf3 Rb8 16. c6 Nb6 17. Be2 Nd5 18. Bxc4 Nxc3 19. bxc3 h5 20. Qe3 hxg4 21. Rxa7
Qd6 22. O-O Rh5 23. Qe4 Bxc3 24. Qxg4 Rh8 25. Qf3 1-0

[Event "NED-ch 1996 sf"]
[Site "Enschede"]
[Date "1995.??.??"]
[Round "6"]
[White "Douven, Rudy"]
[Black "Oei, Hway Ik"]
[Result "1-0"]
[WhiteElo "2410"]
[BlackElo "2235"]
[PlyCount "79"]
[EventDate "1995.??.??"]

1. d4 Nf6 2. c4 e6 3. Nf3 b6 4. g3 Bb7 5. Bg2 Be7 6. Nc3 O-O 7. Qc2 d5 8. cxd5
Nxd5 9. O-O Nd7 10. Rd1 N7f6 11. Bg5 h6 12. Bxf6 Bxf6 13. e4 Nxc3 14. bxc3 Qd7
15. e5 Be7 16. Ng5 Bxg5 17. Bxb7 Rab8 18. Qe4 Qa4 19. Bc6 Qc4 20. Qf3 b5 21. d5
Rb6 22. Rd4 Qc5 23. Rad1 a6 24. a4 bxa4 25. Bxa4 Rb2 26. Qd3 exd5 27. Bc2 g6
28. h4 Be7 29. Rxd5 Qb6 30. h5 Bc5 31. Rd2 Kh8 32. Re2 Rg8 33. hxg6 fxg6 34. e6
Be7 35. Rd7 Qc5 36. Qd4+ Qxd4 37. cxd4 Bd6 38. Bxg6 Rxg6 39. Rxb2 Rxe6 40. Rb8+
1-0

[Event "NED-ch 1996 sf"]
[Site "Enschede"]
[Date "1995.??.??"]
[Round "6"]
[White "Hoeksema, Erik"]
[Black "Bosch, Jeroen"]
[Result "1/2-1/2"]
[WhiteElo "2410"]
[BlackElo "2425"]
[PlyCount "99"]
[EventDate "1995.??.??"]

1. e4 c5 2. Nf3 e6 3. b3 b6 4. Bb2 Bb7 5. Nc3 Nc6 6. g3 d6 7. d4 cxd4 8. Nxd4
Nge7 9. Bg2 Nxd4 10. Qxd4 Nc6 11. Qd2 Be7 12. O-O-O Rc8 13. Nb5 O-O 14. Nxd6
Bxd6 15. Qxd6 Qxd6 16. Rxd6 Nb4 17. c4 Nxa2+ 18. Kb1 Nb4 19. Ba3 Na6 20. Rd7
Bc6 21. Rxa7 Nc5 22. Bxc5 bxc5 23. f3 Rfd8 24. Kc2 g5 25. Rd1 Rxd1 26. Kxd1 Kg7
27. Kd2 h5 28. h4 gxh4 29. gxh4 Kg6 30. f4 f5 31. Ke3 fxe4 32. Bxe4+ Kf6 33.
Bxc6 Rxc6 34. Ke4 Rb6 35. Rc7 Rxb3 36. Rxc5 Rc3 37. Kd4 Rf3 38. Ke4 Rc3 39. Kd4
Rf3 40. Rxh5 Rxf4+ 41. Kd3 e5 42. Rh6+ Kf5 43. c5 Rd4+ 44. Kc3 Rd1 45. Kc4 e4
46. Rh8 e3 47. Re8 Kf4 48. c6 Kf3 49. Kc5 e2 50. c7 1/2-1/2

[Event "NED-ch 1996 sf"]
[Site "Enschede"]
[Date "1995.??.??"]
[Round "6"]
[White "Knoppert, Erik"]
[Black "Riemersma, Liafbern"]
[Result "0-1"]
[WhiteElo "2400"]
[BlackElo "2415"]
[PlyCount "78"]
[EventDate "1995.??.??"]

1. d4 d5 2. f4 Nf6 3. e3 Bf5 4. Nf3 e6 5. Bd3 c5 6. O-O Nc6 7. c3 Be7 8. Ne5
O-O 9. h3 Bxd3 10. Qxd3 Ne4 11. Nd2 f5 12. Nxc6 bxc6 13. Nxe4 fxe4 14. Qe2 a5
15. Bd2 Qd7 16. Rad1 Rab8 17. Bc1 a4 18. a3 Bd6 19. Kh1 Rf6 20. g4 Qb7 21. Rf2
Rbf8 22. Rdf1 cxd4 23. exd4 Qc7 24. Qe3 c5 25. Bd2 Rb8 26. Be1 Rb3 27. f5 cxd4
28. Qxd4 Bc5 29. Qxa4 Bxf2 30. Bxf2 Rb8 31. Qd4 Rxb2 32. c4 Rb3 33. Kg2 Qxc4
34. Qa7 Qd3 35. Rc1 Qxh3+ 36. Kg1 Qxg4+ 37. Kf1 Qxf5 38. Rc7 Rb1+ 39. Ke2 Qf3+
0-1

[Event "NED-ch 1996 sf"]
[Site "Enschede"]
[Date "1995.??.??"]
[Round "6"]
[White "Kroeze, Frank"]
[Black "Langeweg, Kick"]
[Result "1/2-1/2"]
[WhiteElo "2395"]
[BlackElo "2375"]
[PlyCount "75"]
[EventDate "1995.??.??"]

1. Nc3 c5 2. Nf3 Nc6 3. d4 cxd4 4. Nxd4 Nf6 5. g3 g6 6. Bg2 Bg7 7. O-O O-O 8.
a4 d5 9. Nb3 d4 10. Nb5 e5 11. f4 Ng4 12. fxe5 Bxe5 13. Qd3 a6 14. Bxc6 axb5
15. Bxb5 Ne3 16. Bxe3 dxe3 17. Qxe3 Bxb2 18. Rad1 Qc7 19. Qc5 Qxc5+ 20. Nxc5
Bh3 21. Rf3 Rac8 22. Nd7 Rfd8 23. Rb3 Bg7 24. Rbd3 Bf5 25. Nb6 Rxd3 26. Rxd3
Bxd3 27. Nxc8 Bxc2 28. Nd6 Bd4+ 29. Kf1 b6 30. Nc4 Bf5 31. e3 Bc5 32. Kf2 Be6
33. Ne5 Bd6 34. Nd7 Bc7 35. Nf6+ Kh8 36. Bc6 Bd8 37. Nd5 Kg7 38. Kf3 1/2-1/2

[Event "NED-ch 1996 sf"]
[Site "Enschede"]
[Date "1995.??.??"]
[Round "6"]
[White "Lemmers, Oscar"]
[Black "Hommeles, Theo"]
[Result "1-0"]
[WhiteElo "2355"]
[BlackElo "2275"]
[PlyCount "57"]
[EventDate "1995.??.??"]

1. e4 d6 2. d4 g6 3. Nc3 c6 4. f4 Bg7 5. Nf3 Bg4 6. Bc4 e6 7. Be3 d5 8. Bd3
dxe4 9. Nxe4 Nf6 10. Nxf6+ Bxf6 11. Be2 Nd7 12. O-O O-O 13. c4 Bg7 14. h3 Bxf3
15. Bxf3 Qe7 16. Qb3 Nb6 17. a4 Rad8 18. Rfd1 Nc8 19. a5 Nd6 20. Qb4 a6 21. Ra3
Rfe8 22. Rad3 Nf5 23. Qxe7 Rxe7 24. Bf2 Red7 25. d5 cxd5 26. Bb6 Bd4+ 27. Rxd4
Nxd4 28. Rxd4 dxc4 29. Rxc4 1-0

[Event "NED-ch 1996 sf"]
[Site "Enschede"]
[Date "1995.??.??"]
[Round "6"]
[White "Perez Garcia, Hebert"]
[Black "Zagema, Wieb"]
[Result "1-0"]
[WhiteElo "2240"]
[BlackElo "2395"]
[PlyCount "49"]
[EventDate "1995.??.??"]

1. e4 Nc6 2. d4 e5 3. d5 Nce7 4. Nf3 d6 5. c4 f5 6. exf5 Nxf5 7. Nc3 Nf6 8. Bd3
Be7 9. Qc2 g6 10. h3 O-O 11. g4 Nd4 12. Nxd4 exd4 13. Ne2 c5 14. Bh6 Qa5+ 15.
Kf1 b5 16. Bxg6 Kh8 17. Nf4 bxc4 18. Qe2 Ng8 19. Bxf8 Bxf8 20. Qe8 Bg7 21. Bxh7
Kxh7 22. Qe4+ Kh8 23. Ng6+ Kh7 24. Nf8+ Kh8 25. Qh7# 1-0

[Event "NED-ch 1996 sf"]
[Site "Enschede"]
[Date "1995.??.??"]
[Round "6"]
[White "Van Mil, Johan"]
[Black "Van de Oudeweetering, Arthur"]
[Result "1-0"]
[WhiteElo "2435"]
[BlackElo "2350"]
[PlyCount "63"]
[EventDate "1995.??.??"]

1. g3 d5 2. f4 c6 3. Bg2 Nf6 4. Nf3 Bg4 5. O-O Nbd7 6. d3 Bxf3 7. Bxf3 e5 8. e4
dxe4 9. dxe4 Bc5+ 10. Kh1 Qe7 11. Nc3 O-O-O 12. Qe2 Rde8 13. f5 g6 14. Bg2 Reg8
15. Na4 Bd6 16. a3 h5 17. Bg5 Qf8 18. Rad1 Ng4 19. f6 b5 20. Rf3 bxa4 21. Qa6+
Kb8 22. Qxc6 Bc5 23. Rxd7 Qc8 24. Qb5+ Bb6 25. Rc3 Nf2+ 26. Kg1 Nxe4+ 27. Be3
Qxd7 28. Qxd7 Rd8 29. Qxd8+ Rxd8 30. Bxe4 Rd6 31. Bxb6 Rxb6 32. Bxg6 1-0

[Event "NED-ch 1996 sf"]
[Site "Enschede"]
[Date "1995.??.??"]
[Round "6"]
[White "Van der Weide, Karel"]
[Black "Hartoch, Rob"]
[Result "1-0"]
[WhiteElo "2325"]
[BlackElo "2340"]
[PlyCount "81"]
[EventDate "1995.??.??"]

1. e4 g6 2. d3 Bg7 3. g3 d5 4. Nd2 dxe4 5. dxe4 e5 6. Bg2 Nc6 7. Ngf3 Nge7 8.
O-O O-O 9. b3 b6 10. Bb2 a5 11. a3 Ba6 12. Re1 Qd6 13. Qb1 Rad8 14. Qa2 h6 15.
Rad1 Qe6 16. Qa1 Rd6 17. Nf1 a4 18. b4 Rxd1 19. Rxd1 Be2 20. Rd2 Bxf3 21. Bxf3
Nd4 22. Bg2 f5 23. exf5 Qxf5 24. Qd1 Qf7 25. Ne3 c6 26. c3 Nb3 27. Re2 Qe6 28.
Qd3 Qc8 29. Qd6 Kf7 30. Nc4 Rd8 31. Bh3 Qxh3 32. Qxd8 Qh5 33. Qd3 Nd5 34. Nd6+
Ke6 35. Ne4 b5 36. c4 bxc4 37. Qxc4 Kd7 38. b5 Ne7 39. bxc6+ Nxc6 40. Qf7+ Ne7
41. Re3 1-0